[Event "Monastir Safe Tours op"]
[Site "Monastir"]
[Date "2023.06.19"]
[Round "6"]
[White "Bouzidi, Ahmed"]
[Black "Boulrens, Ala Eddine"]
[Result "0-1"]
[WhiteElo "2157"]
[BlackElo "2049"]
[PlyCount "66"]
[EventDate "2023.06.16"]
[EventType "swiss"]
[EventRounds "7"]
[EventCountry "TUN"]
[SourceTitle "EXT 2024"]
[Source "ChessBase"]
[SourceDate "2023.10.10"]
[SourceVersion "1"]
[SourceVersionDate "2023.10.10"]
[SourceQuality "1"]

1. e4 d6 2. d4 Nf6 3. Nc3 c6 4. Nf3 Bg4 5. h3 Bh5 6. Bd3 Nbd7 7. g4 Bg6 8. Bf4 Qa5 9. Bd2 Qc7 10. Qe2 e5 11. 0-0-0 Be7 12. dxe5 dxe5 13. h4 h5 14. g5 Nh7 15. Nh2 Nhf8 16. Qe3 Ne6 17. Bc4 Nf4 18. Ne2 b5 19. Bd3 Ne6 20. Ng3 Bc5 21. Qe1 0-0-0 22. Nf5 Nb6 23. Ba5 Rd7 24. Nf3 Rhd8 25. Bb4 Na4 26. b3 Bxb4 27. Qxb4 Nac5 28. Qc3 f6 29. Rhe1 Kb7 30. Ng3 Qb6 31. a3 Nf4 32. Re3 Bf7 33. Ne1 a5 0-1

[Event "Monastir Safe Tours op"]
[Site "Monastir"]
[Date "2023.06.18"]
[Round "4"]
[White "Meddeb, Anis"]
[Black "Boulrens, Ala Eddine"]
[Result "1/2-1/2"]
[WhiteElo "2170"]
[BlackElo "2049"]
[PlyCount "197"]
[EventDate "2023.06.16"]
[EventType "swiss"]
[EventRounds "7"]
[EventCountry "TUN"]
[SourceTitle "EXT 2024"]
[Source "ChessBase"]
[SourceDate "2023.10.10"]
[SourceVersion "1"]
[SourceVersionDate "2023.10.10"]
[SourceQuality "1"]

1. e4 d5 2. exd5 Qxd5 3. Nc3 Qa5 4. d4 Nf6 5. Bd3 c6 6. h3 Bf5 7. Nge2 e6 8. Bf4 Nbd7 9. 0-0 Be7 10. Re1 0-0 11. Ng3 Bxd3 12. Qxd3 Bb4 13. a3 Bxc3 14. bxc3 Rfd8 15. Bd6 Rac8 16. Rab1 b5 17. f4 Nd5 18. Ne4 Nf8 19. Bc5 Qc7 20. g3 Nb6 21. Bxf8 Rxf8 22. Ng5 g6 23. h4 h5 24. Kh2 Kg7 25. Rxe6 Qd7 26. Re5 Nc4 27. Re2 Rfe8 28. Rbe1 Nxa3 29. d5 cxd5 30. Qd4+ Kg8 31. Ne4 Rxe4 32. Rxe4 Nxc2 33. Qd2 Nxe1 34. Rxe1 Qc6 35. Qd4 Re8 36. Rxe8+ Qxe8 37. Qxa7 Qe2+ 38. Kh3 Qf3 39. Qa1 Qe4 40. Kh2 Kh7 41. Qb2 Qc4 42. Kg2 Kg7 43. Kf2 Kf6 44. Qd2 Kf5 45. Qc2+ Qe4 46. Qd1 Qc4 47. Qd2 d4 48. cxd4 Ke6 49. Qe3+ Kd7 50. Qe4 b4 51. Qb7+ Kd6 52. Qb8+ Kd5 53. Qe5+ Kc6 54. Qe8+ Kb6 55. Qb8+ Kc6 56. Qe8+ Kb7 57. Qd7+ Ka6 58. Qd6+ Ka5 59. d5 b3 60. Qd8+ Kb5 61. d6 Qd4+ 62. Kg2 Qe4+ 63. Kf2 Qc2+ 64. Kf3 Qc6+ 65. Ke2 Qe4+ 66. Kf2 Qc2+ 67. Kf3 Qc6+ 68. Ke2 Qg2+ 69. Kd3 Qxg3+ 70. Ke4 Qe1+ 71. Kd5 Qe6+ 72. Kd4 Qc4+ 73. Ke5 Qc3+ 74. Ke4 Qc2+ 75. Ke5 Qf5+ 76. Kd4 Qxf4+ 77. Kc3 Qc4+ 78. Kd2 Qd5+ 79. Kc3 Kc5 80. d7 Kd6 81. Qc8 Qe5+ 82. Kb4 Qd4+ 83. Kb5 Qd5+ 84. Kb6 Qd4+ 85. Kb5 Qd3+ 86. Ka4 Qd4+ 87. Kb5 Qe5+ 88. Kb4 Qe1+ 89. Kb5 Qe2+ 90. Kb6 Qe3+ 91. Kb5 Qe5+ 92. Kb4 Qd4+ 93. Kb5 Qd3+ 94. Kb4 Qd2+ 95. Kb5 Qe2+ 96. Kb6 Qe3+ 97. Kb5 Qe5+ 98. Kb4 Qd4+ 99. Kb5 1/2-1/2

[Event "Online Olym Div2 D"]
[Site "Chess.com INT"]
[Date "2021.09.04"]
[Round "8.3"]
[White "Boulrens, Ala Eddine"]
[Black "Borisek, Jure"]
[Result "0-1"]
[WhiteElo "2016"]
[BlackElo "2591"]
[PlyCount "90"]
[EventDate "2021.09.02"]
[EventType "team (rapid)"]
[EventRounds "9"]
[EventCountry "USA"]
[SourceTitle "CBM 204 Extra"]
[Source "ChessBase"]
[SourceDate "2021.11.30"]
[SourceVersion "1"]
[SourceVersionDate "2021.11.30"]
[SourceQuality "1"]
[WhiteTeam "Algeria"]
[BlackTeam "Slovenia"]
[WhiteTeamCountry "ALG"]
[BlackTeamCountry "SLO"]

1. e4 e5 2. Nf3 Nc6 3. Bc4 Bc5 4. d3 Nf6 5. Nc3 d6 6. h3 h6 7. Be3 Bb6 8. Bxb6 axb6 9. d4 0-0 10. 0-0 Re8 11. dxe5 Nxe5 12. Nxe5 dxe5 13. Qe2 c6 14. a4 Qe7 15. Rfd1 Nd7 16. Rd3 b5 17. Bb3 Nc5 18. Rg3 Be6 19. Bxe6 Nxe6 20. Qh5 Qf6 21. Ne2 Rxa4 22. Rxa4 bxa4 23. Rf3 Qg6 24. Qxe5 f6 25. Qd6 Ng5 26. Rg3 Nxe4 27. Rxg6 Nxd6 28. Nc3 b5 29. Rg4 c5 30. Kf1 Kf7 31. Rg3 Ne4 32. Nxe4 Rxe4 33. Rd3 Ke7 34. Rd5 Rc4 35. c3 a3 36. bxa3 Rxc3 37. Ke2 Ke6 38. Rh5 Kd6 39. a4 b4 40. Rh4 Ra3 41. Rg4 g5 42. Rg3 Rxg3 43. fxg3 c4 44. Ke3 Kc5 45. Kd2 Kb6 0-1

[Event "Algiers Selection op"]
[Site "Algiers"]
[Date "2020.03.13"]
[Round "6"]
[White "Nassr, Ali"]
[Black "Boulrens, Ala Eddine"]
[Result "1/2-1/2"]
[WhiteElo "2183"]
[BlackElo "1986"]
[PlyCount "71"]
[EventDate "2020.03.13"]
[EventType "swiss"]
[EventRounds "7"]
[EventCountry "ALG"]
[SourceTitle "CBM 195 Extra"]
[Source "ChessBase"]
[SourceDate "2020.05.31"]
[SourceVersion "1"]
[SourceVersionDate "2020.05.31"]
[SourceQuality "1"]

1. d4 d6 2. Bf4 g6 3. Nf3 Bg7 4. e3 Nf6 5. h3 0-0 6. Be2 c5 7. c3 Qb6 8. Qc1 Nc6 9. Nbd2 cxd4 10. exd4 Re8 11. 0-0 e5 12. Nc4 Qc7 13. dxe5 dxe5 14. Bh2 Nd5 15. Re1 Bf5 16. Ne3 Nxe3 17. Qxe3 a6 18. Bc4 Rad8 19. Rad1 Be6 20. Bxe6 Rxe6 21. Qe4 Qb6 22. b3 Qa5 23. Ng5 Red6 24. Rxd6 Rxd6 25. Qc4 Qd5 26. Qh4 Qd2 27. Qxh7+ Kf8 28. Nf3 Qxc3 29. Qh4 Nd4 30. Qe4 Nxf3+ 31. gxf3 Rd4 32. Bxe5 Rxe4 33. Bxc3 Rxe1+ 34. Bxe1 Ke7 35. Kf1 Ke6 36. Ke2 1/2-1/2

[Event "ALG-chT"]
[Site "Ain Oulmane"]
[Date "2019.11.04"]
[Round "6.2"]
[White "Boulrens, Ala Eddine"]
[Black "Bettine, Hakim"]
[Result "1-0"]
[WhiteElo "1976"]
[BlackElo "1901"]
[PlyCount "121"]
[EventDate "2019.11.01"]
[EventType "team-swiss"]
[EventRounds "9"]
[EventCountry "ALG"]
[SourceTitle "EXT 2021"]
[Source "ChessBase"]
[SourceDate "2020.10.23"]
[SourceVersion "1"]
[SourceVersionDate "2020.10.23"]
[SourceQuality "1"]
[WhiteTeam "Constantine CEA"]
[BlackTeam "Biskra US"]
[WhiteTeamCountry "ALG"]
[BlackTeamCountry "ALG"]

1. e4 c5 2. c3 d5 3. exd5 Qxd5 4. d4 e5 5. dxe5 Qxe5+ 6. Be2 Nf6 7. Nf3 Qd5 8. Nbd2 Be7 9. 0-0 0-0 10. Bc4 Qh5 11. Re1 Nc6 12. Nf1 Bg4 13. Ng3 Bxf3 14. Nxh5 Bxd1 15. Nxf6+ Bxf6 16. Rxd1 Ne5 17. Be2 Rfd8 18. Be3 c4 19. f4 Nd3 20. Bxd3 cxd3 21. Rd2 Rd5 22. a4 b6 23. Kf2 Kf8 24. Kf3 g6 25. Ra3 Rad8 26. a5 Be7 27. Ra1 Bc5 28. axb6 axb6 29. Ra4 f5 30. Ra7 Re8 31. Bxc5+ bxc5 32. Rxh7 Re4 33. h4 Kg8 34. Rc7 c4 35. g4 Rd6 36. gxf5 gxf5 37. b3 Rde6 38. Rxc4 Re3+ 39. Kf2 Rh3 40. Kg2 Ree3 41. Rd4 Reg3+ 42. Kf2 Kh7 43. b4 Kh6 44. Rd6+ Kh5 45. b5 Rf3+ 46. Kg1 Kg4 47. b6 Rhg3+ 48. Rg2 Kxf4 49. Rd4+ Ke3 50. Rxd3+ Kxd3 51. b7 Kxc3 52. b8Q Rxg2+ 53. Kxg2 Rd3 54. Qc8+ Kd4 55. Qxf5 Re3 56. h5 Re5 57. Qf6 Kd5 58. h6 Re6 59. Qxe6+ Kxe6 60. h7 Kf7 61. h8Q 1-0

[Event "ALG-ch U20"]
[Site "Tiaret"]
[Date "2019.06.29"]
[Round "9"]
[White "Brahami, Lamine"]
[Black "Boulrens, Ala Eddine"]
[Result "1-0"]
[WhiteElo "2045"]
[BlackElo "1929"]
[PlyCount "51"]
[EventDate "2019.06.26"]
[EventType "swiss"]
[EventRounds "9"]
[EventCountry "ALG"]
[SourceTitle "EXT 2020"]
[Source "ChessBase"]
[SourceDate "2019.10.17"]
[SourceVersion "1"]
[SourceVersionDate "2019.10.17"]
[SourceQuality "1"]

1. d4 d5 2. c4 c6 3. Nc3 Nf6 4. Bg5 e6 5. e3 Nbd7 6. Nf3 Be7 7. Bd3 h6 8. Bh4 0-0 9. 0-0 b6 10. Rc1 Bb7 11. Ne5 Nxe5 12. dxe5 Nd7 13. Bxe7 Qxe7 14. f4 Nc5 15. cxd5 exd5 16. Bb1 f5 17. g4 Bc8 18. gxf5 Bxf5 19. Bxf5 Rxf5 20. Nxd5 Qh4 21. b4 Rh5 22. Rc2 Ne4 23. Ne7+ Kf7 24. Nf5 Qh3 25. Qd7+ Kg6 26. Rg2+ 1-0

[Event "ALG-ch U20"]
[Site "Tiaret"]
[Date "2019.06.27"]
[Round "2"]
[White "Boulrens, Ala Eddine"]
[Black "Yettouche, Yaristan"]
[Result "1-0"]
[WhiteElo "1929"]
[BlackElo "1584"]
[PlyCount "101"]
[EventDate "2019.06.26"]
[EventType "swiss"]
[EventRounds "9"]
[EventCountry "ALG"]
[SourceTitle "EXT 2020"]
[Source "ChessBase"]
[SourceDate "2019.10.17"]
[SourceVersion "1"]
[SourceVersionDate "2019.10.17"]
[SourceQuality "1"]

1. e4 c5 2. c3 e5 3. Nf3 Nc6 4. Bc4 d6 5. d3 h6 6. Nbd2 Nf6 7. Nf1 Be6 8. Bxe6 fxe6 9. Ng3 Be7 10. 0-0 0-0 11. d4 exd4 12. cxd4 d5 13. exd5 exd5 14. Re1 Bd6 15. dxc5 Bxc5 16. Be3 Bxe3 17. Rxe3 Re8 18. Rxe8+ Qxe8 19. Qb3 Qd7 20. Rd1 Rd8 21. h3 Qf7 22. Rd3 b6 23. Qc3 Qd7 24. Ne5 Nxe5 25. Qxe5 Re8 26. Qf4 Rf8 27. Qd4 Re8 28. Qf4 Rf8 29. Qd4 Re8 30. Rf3 Re1+ 31. Kh2 Qd6 32. Qc3 Re8 33. Kg1 Ne4 34. Nxe4 Rxe4 35. Rg3 Qd7 36. Qd2 Re6 37. Rd3 Rd6 38. Qf4 Rf6 39. Qd4 Rd6 40. f4 Qf7 41. g3 Rd8 42. Kg2 Qc7 43. Rc3 Qb7 44. Kf2 Qd7 45. g4 Qb5 46. Rc7 Rd7 47. a4 Qb3 48. Rxd7 Qc2+ 49. Kg3 Qg6 50. Qxd5+ Kh7 51. Qf5 1-0

[Event "Tipaza U2200 op"]
[Site "Tipaza"]
[Date "2019.05.03"]
[Round "6"]
[White "Boulrens, Ala Eddine"]
[Black "Achour, Mohamed Anis"]
[Result "1/2-1/2"]
[WhiteElo "1918"]
[BlackElo "1932"]
[PlyCount "62"]
[EventDate "2019.05.01"]
[EventType "swiss"]
[EventRounds "9"]
[EventCountry "ALG"]
[SourceTitle "CBM 190 Extra"]
[Source "ChessBase"]
[SourceDate "2019.07.15"]
[SourceVersion "1"]
[SourceVersionDate "2019.07.15"]
[SourceQuality "1"]

1. e4 e5 2. Nf3 Nc6 3. Bc4 Bc5 4. d3 Nf6 5. Nc3 h6 6. Be3 Bb6 7. 0-0 0-0 8. h3 d6 9. Re1 Be6 10. Bb3 Qd7 11. d4 exd4 12. Nxd4 Nxd4 13. Bxd4 Bxd4 14. Qxd4 Rfe8 15. Rad1 Bxb3 16. axb3 Qc6 17. Re3 Qb6 18. Qc4 Re7 19. Rf3 Qc5 20. Rxf6 Qxc4 21. bxc4 gxf6 22. Nd5 Kf8 23. Nxe7 Kxe7 24. f3 a6 25. Ra1 Rg8 26. Kf2 Ke6 27. f4 f5 28. Re1 fxe4 29. Rxe4+ Kd7 30. g4 f5 31. gxf5 Rf8 1/2-1/2

[Event "Skikda Youm el Ilm"]
[Site "Skikda"]
[Date "2017.04.15"]
[Round "7.4"]
[White "Boulrens, Ala Eddine"]
[Black "Rabahi, Aziz"]
[Result "1-0"]
[WhiteElo "1943"]
[BlackElo "1596"]
[PlyCount "57"]
[EventDate "2017.04.13"]
[EventType "tourn"]
[EventRounds "7"]
[EventCountry "ALG"]
[SourceTitle "EXT 2024"]
[Source "ChessBase"]
[SourceDate "2023.10.10"]
[SourceVersion "1"]
[SourceVersionDate "2023.10.10"]
[SourceQuality "1"]

1. e4 c5 2. c3 e6 3. Nf3 d5 4. exd5 Qxd5 5. d4 Nf6 6. Be2 Be7 7. 0-0 0-0 8. Be3 cxd4 9. cxd4 Nc6 10. Nc3 Qa5 11. h3 a6 12. Qb3 Bd7 13. Rfd1 b5 14. Ne5 Rfd8 15. Nxd7 Rxd7 16. Bf3 Rc8 17. d5 exd5 18. Nxd5 Nxd5 19. Bxd5 Bf6 20. Rac1 Rdc7 21. Bxf7+ Rxf7 22. Rd7 Be7 23. Qe6 Kf8 24. Rxc6 Rxc6 25. Qxc6 Rf6 26. Qa8+ Kf7 27. Qd5+ Kf8 28. Qe5 Qb4 29. Rxe7 1-0

[Event "Algiers Algerian Cup"]
[Site "Algiers"]
[Date "2015.10.30"]
[Round "1"]
[White "Aknouche, Amer"]
[Black "Boulrens, Ala Eddine"]
[Result "1-0"]
[WhiteElo "2045"]
[BlackElo "1868"]
[PlyCount "82"]
[EventDate "2015.10.30"]
[EventType "swiss"]
[EventRounds "6"]
[EventCountry "ALG"]
[SourceTitle "EXT 2017"]
[Source "ChessBase"]
[SourceDate "2016.10.25"]
[SourceVersion "1"]
[SourceVersionDate "2016.10.25"]
[SourceQuality "1"]

1. d4 d5 2. Nf3 Nf6 3. Nbd2 c6 4. e3 Bg4 5. h3 Bxf3 6. Qxf3 e6 7. Bd3 Nbd7 8. Qg3 c5 9. c3 c4 10. Bc2 b5 11. 0-0 Nb6 12. e4 a5 13. e5 Nfd7 14. f4 g6 15. Nf3 Be7 16. Nh2 Nb8 17. Ng4 h5 18. Nf6+ Bxf6 19. exf6 Qxf6 20. f5 gxf5 21. Qd6 N8d7 22. Bf4 Rc8 23. Qa3 b4 24. Qa4 bxc3 25. bxc3 0-0 26. Qb5 Qe7 27. Qb2 Ra8 28. a4 Nc8 29. Qc1 f6 30. Qe1 Qf7 31. Qg3+ Kh7 32. Qh4 Qg6 33. Rae1 Rg8 34. Rf2 Nf8 35. Bd1 Kg7 36. Re3 Rh8 37. Rg3 Qxg3 38. Qxg3+ Ng6 39. Rb2 Rh7 40. Rb8 h4 41. Qe3 Ra7 1-0